000 00553nam a22001457a 4500
999 _c109846
_d109846
005 20181227120147.0
008 181227b ||||| |||| 00| 0 eng d
040 _cPK-LaUMT
082 _a954.0317
_bZAH-E
100 _aZaheer ud Din Zaheer Dehlvi = ظہیر الدین ظہیر دہلوی
245 _a1857 ke chasham deed halaat = ۱۸۵۷ کے چشم دید حالات /
_cZaheer ud Din Zaheer Dehlvi (almaroof dastan-e-ghadar) = ظہیر الدین ظہیر دہلوی
260 _aLahore :
_bDarushoor,
_c2014
300 _a231 p.
942 _cBK